[Event "Bremen Silvester op-A"]
[Site "Bremen"]
[Date "2022.12.29"]
[Round "6"]
[White "Klemm, Robert"]
[Black "Koppe, Connor"]
[Result "1-0"]
[WhiteElo "1754"]
[BlackElo "1793"]
[PlyCount "99"]
[EventDate "2022.12.27"]
[EventType "swiss"]
[EventRounds "7"]
[EventCountry "GER"]
[SourceTitle "CBM 211 Extra"]
[Source "ChessBase"]
[SourceDate "2023.01.31"]
[SourceVersion "1"]
[SourceVersionDate "2023.01.31"]
[SourceQuality "1"]

1. d4 Nf6 2. Nf3 e6 3. g3 c5 4. Bg2 d5 5. 0-0 Nc6 6. c4 Be7 7. cxd5 exd5 8. Nc3 0-0 9. b3 h6 10. Ba3 cxd4 11. Bxe7 Qxe7 12. Nxd4 Qc5 13. Nxc6 bxc6 14. Na4 Qe7 15. Qc2 Bd7 16. Nc5 Rfe8 17. Rfe1 Bf5 18. Qxf5 Qxc5 19. e4 Rad8 20. e5 Nh7 21. Rac1 Qb6 22. e6 Nf6 23. Bf1 c5 24. exf7+ Kxf7 25. Red1 Qd6 26. Bd3 Re5 27. Qg6+ Kg8 28. h4 Qe7 29. Kg2 h5 30. Rd2 Rc8 31. Rcc2 Ne4 32. Re2 Rf8 33. Qc6 Rf6 34. Qc8+ Rf8 35. Qc6 Rd8 36. f3 Rd6 37. Qa4 c4 38. bxc4 Nc5 39. Qa3 Rde6 40. Rxe5 Rxe5 41. cxd5 Nxd3 42. Qxd3 Qd6 43. Rc8+ Kf7 44. Rc6 Qxd5 45. Qg6+ Ke7 46. Qxg7+ Kd8 47. Qc7+ Ke8 48. Qb8+ Kf7 49. Qb7+ Re7 50. Rf6+ 1-0

[Event "Reinstorf op"]
[Site "Reinstorf"]
[Date "2022.01.29"]
[Round "1"]
[White "Klemm, Robert"]
[Black "Baum, Jonasz"]
[Result "0-1"]
[WhiteElo "1793"]
[BlackElo "2287"]
[PlyCount "48"]
[EventDate "2022.01.29"]
[EventType "swiss"]
[EventRounds "9"]
[EventCountry "GER"]
[SourceTitle "CBM 206 Extra"]
[Source "ChessBase"]
[SourceDate "2022.03.31"]
[SourceVersion "1"]
[SourceVersionDate "2022.03.31"]
[SourceQuality "1"]

1. d4 Nf6 2. Nf3 e6 3. g3 c5 4. Bg2 b6 5. 0-0 Bb7 6. c4 d5 7. cxd5 exd5 8. Nc3 Be7 9. Ne5 Nbd7 10. Qa4 cxd4 11. Nxd7 Qxd7 12. Qxd4 0-0 13. Bg5 h6 14. Bf4 Bc5 15. Qd2 d4 16. Bxb7 Qxb7 17. Na4 g5 18. Be5 Ne4 19. Qd3 Rfe8 20. Bxd4 Rad8 21. e3 g4 22. h4 gxh3 23. Qe2 Bxd4 24. exd4 Ng5 0-1

[Event "GER-ch Net Amateur Gr-B Vor3"]
[Site "Playchess.com INT"]
[Date "2020.04.16"]
[Round "9"]
[White "Toval, David"]
[Black "Klemm, Robert"]
[Result "1-0"]
[WhiteElo "1779"]
[BlackElo "1662"]
[PlyCount "55"]
[EventDate "2020.04.16"]
[EventType "swiss (blitz)"]
[EventRounds "9"]
[EventCountry "GER"]
[SourceTitle "CBM 195 Extra"]
[Source "ChessBase"]
[SourceDate "2020.05.31"]
[SourceVersion "1"]
[SourceVersionDate "2020.05.31"]
[SourceQuality "1"]

1. e4 e6 2. d4 d5 3. Nd2 Nf6 4. e5 Nfd7 5. Bd3 c5 6. c3 Nc6 7. Ne2 Qb6 8. Nf3 Be7 9. 0-0 0-0 10. Re1 f6 11. Nf4 Nd8 12. Qc2 f5 13. b3 cxd4 14. cxd4 Nf7 15. Bd2 g5 16. Nh5 Kh8 17. h3 Rg8 18. g4 Nf8 19. Nf6 Bxf6 20. exf6 Rg6 21. gxf5 exf5 22. Bxf5 Rxf6 23. Bxc8 Rxf3 24. Bg4 Rf6 25. Re7 Qd8 26. Rae1 Rc8 27. Qd1 Qd6 28. Bxc8 1-0

[Event "GER-ch Net Amateur Gr-B Vor2"]
[Site "Playchess.com INT"]
[Date "2020.04.15"]
[Round "4"]
[White "Klemm, Robert"]
[Black "Schernetzki, Bernd"]
[Result "0-1"]
[WhiteElo "1625"]
[BlackElo "1748"]
[PlyCount "42"]
[EventDate "2020.04.15"]
[EventType "swiss (blitz)"]
[EventRounds "9"]
[EventCountry "GER"]
[SourceTitle "CBM 196 Extra"]
[Source "ChessBase"]
[SourceDate "2020.07.31"]
[SourceVersion "1"]
[SourceVersionDate "2020.07.31"]
[SourceQuality "1"]

1. b3 d5 2. Bb2 c5 3. Nf3 Nc6 4. g3 Bg4 5. Bg2 Bxf3 6. Bxf3 e5 7. 0-0 Nf6 8. e3 Bd6 9. Re1 e4 10. Bg2 0-0 11. d3 Qc7 12. Nd2 Be5 13. Bxe5 Nxe5 14. dxe4 Rad8 15. exd5 Nxd5 16. c4 Nb4 17. f4 Ned3 18. Re2 Rfe8 19. a3 Nc6 20. Qc2 Nd4 21. Qxd3 Nf3+ 0-1

[Event "Bremen-ch"]
[Site "Bremen"]
[Date "2019.04.20"]
[Round "9.10"]
[White "Klemm, Robert"]
[Black "Meyer, Thorsten1111"]
[Result "0-1"]
[WhiteElo "1688"]
[BlackElo "1938"]
[PlyCount "50"]
[EventDate "2019.04.13"]
[EventType "swiss"]
[EventRounds "9"]
[EventCountry "GER"]
[SourceTitle "EXT 2020"]
[Source "ChessBase"]
[SourceDate "2019.10.17"]
[SourceVersion "1"]
[SourceVersionDate "2019.10.17"]
[SourceQuality "1"]

1. d4 Nf6 2. Nf3 d6 3. c4 g6 4. Nc3 Bg7 5. e4 0-0 6. Be2 c6 7. 0-0 Qc7 8. h3 Nbd7 9. Be3 e5 10. d5 c5 11. Nh2 Ne8 12. g4 f5 13. gxf5 gxf5 14. exf5 Nb6 15. Ng4 Kh8 16. Nh6 Qe7 17. Kh2 Qh4 18. Qd2 Nxc4 19. Bxc4 Qxc4 20. Rg1 Qh4 21. Rg4 Qe7 22. Bg5 Nf6 23. Ne4 Bxh6 24. Nxf6 Bxg5 25. Qxg5 Qxf6 0-1

[Event "Bremen-ch op"]
[Site "Bremen"]
[Date "2018.03.30"]
[Round "8"]
[White "Klemm, Robert"]
[Black "Meyer, Thorsten1111"]
[Result "0-1"]
[WhiteElo "1778"]
[BlackElo "1987"]
[PlyCount "88"]
[EventDate "2018.03.24"]
[EventType "swiss"]
[EventRounds "9"]
[EventCountry "GER"]
[SourceTitle "EXT 2019"]
[Source "ChessBase"]
[SourceDate "2018.10.10"]
[SourceVersion "1"]
[SourceVersionDate "2018.10.10"]
[SourceQuality "1"]

1. e4 c5 2. Nf3 d6 3. Bc4 Nc6 4. 0-0 Nf6 5. d3 g6 6. c3 Bg7 7. h3 0-0 8. Nbd2 Na5 9. a4 Nxc4 10. Nxc4 b6 11. Be3 d5 12. Ncd2 Ba6 13. e5 Ne8 14. Qc2 Nc7 15. b4 d4 16. cxd4 cxd4 17. Bxd4 Ne6 18. Nb3 Rc8 19. Qe2 Qd5 20. Rab1 Nf4 21. Qd2 Ne6 22. b5 Nxd4 23. Nbxd4 Bb7 24. Rfe1 Rfd8 25. Rbd1 f6 26. exf6 Bxf6 27. Ne6 Rd6 28. Nf4 Qb3 29. Ne5 Qxa4 30. Ra1 Qxb5 31. Qa2+ Bd5 32. Nxd5 Qxd5 33. Qa6 Rc7 34. d4 Qxd4 35. Ng4 Qc4 36. Qa3 Bxa1 37. Qxa1 Qc3 38. Qa2+ Kg7 39. Re3 Qd2 40. Qa1+ Qd4 41. Qa2 a5 42. Kh2 Rd5 43. Qe2 e5 44. Qf3 Qf4+ 0-1